| 000 | 01095nam0a22002531 4500 | ||
|---|---|---|---|
| 001 | v19\rc\1216339 | ||
| 005 | 20260406165925.0 | ||
| 035 | _a(NLR Aleph) 004379321 | ||
| 090 |
_a3604821 _c3604821 |
||
| 100 | _a20060306d1873 |||y0rusy50 ca | ||
| 101 | 0 | _arus | |
| 102 | _aRU | ||
| 105 | _ay z ||||| | ||
| 200 | 1 |
_aОт... Комиссии по участию России в Венской всемирной выставке 1873 г. _e[Об открытии конкурса на изобретение наградных медалей] |
|
| 210 |
_aСанкт-Петербург _d1873 |
||
| 215 | _a4 с. | ||
| 309 | _aБез тит. л. и обл. | ||
| 532 | 1 | 3 | _aОт Комиссии по участию России в Венской всемирной выставке 1873 г. |
| 710 | 0 | 1 |
_aРоссия _bКомиссия по участию России в Венской всемирной выставке 1873 года _9369254 _3RU\NLR\AUTH\889937237 |
| 801 | 0 |
_aRU _bNLR _gpsbo |
|
| 801 | 1 |
_aRU _bProSoft-M _2rusmarc |
|
| 852 |
_aNLR _j18.123.1.378 |
||
| 942 | _cBOOK | ||
| 980 | _aNB | ||